LEADER 01473naa a2200253 u 4500 001 000000102173 003 CaOOAMICUS 005 20070226130210.0 008 060327s1972 it u000 u ita u 035 $a11083108 040 $aIAR$bita 041 0 $aita$bger 100 1 $aRigobello, Armando,$d1924-$0(OLS)http://pul/name/2221 245 12$aL'antropologia strutturale e possibilità di una riespressione della concezione umanistica dell'uomo /$cArmando Rigobello. 260 $aMerano/Meran :$bIst.culturale italo-tedesco,$c[1972] 300 $aS. 287-298 ;$c25 cm 500 $adeutsche Zusammenfassung 500 $aIAR: FF-117.09 773 0 $aAuftrag der herkömmlichen humanistischen Kultur und Anforderungen des modernen Lebens. 773 0 $aUfficio della cultura umanistica tradizionale ed esigenze della vita moderna. 773 0 $aDeutsch-italienisches Kulturinstitut in Südtirol; Akten.$gIX (1968) 773 0 $aAccademia di studi italo-tedeschi (Merano)$tUfficio della cultura umanistica tradizionale ed esigenza della vita moderna nel mondo di lingua italiana e nel mondo di lingua tedesca nel quadro dell'unità culturale europea : Filosofia e pedagogia, scienza e tecnica, teologia, letteratura$gIX (1968)$w()22900 996 $6245$aL'antropologia strutturale e possibilità di una riespressione della concezione umanistica dell'uomo$9(OLS)http://pul/title/129081 996 $6260$aMerano/Meran :$bIst.culturale italo-tedesco$9(OLS)http://pul/publisher/79184 LEADER 01420nam a2200325 a 4500 001 000000124990 003 CaOOAMICUS 005 20110408155256.0 008 110408s2010 it o u000 u ita r 020 $a978-88-311-5525-0 040 $aPUL$bita 082 04$a282.092 100 1 $aMarranzini, Alfredo,$cS.I.$0(OLS)http://pul/name/12132 245 10$aEustachio Montemurro :$btestimone e padre : 1857-1923 /$cAlfredo Marranzini, Delia Trianni ; presentazione di Mario Agnes. 260 $aRoma :$bCittà Nuova,$c©2010. 300 $a188 p., [4] c. di tav. :$bfotogr. ;$c20 cm 490 1 $aTestimoni 504 $aBibliografia in nota. 600 14$aMontemurro, Eustachio,$csac.,$d1857-1923.$0(OLS)http://pul/subject/37552 700 1 $aTrianni, Delia.$0(OLS)http://pul/name/74759 700 1 $aAgnes, Mario.$0(OLS)http://pul/name/12177 830 0$aTestimoni (Città Nuova).$0(OLS)http://pul/title/157570 850 $aPUL 852 $aPUL$W1$xDP2 Religione 3$y114$m282. 092 MARAL 1$j143886$qDDC 21$B142939$CPULBib$Z2$F142939 $H116639 $82 941 1 $a9 996 $6020$a978-88-311-5525-0$9(OLS)http://pul/number/146895 996 $6082$a282.092$9(OLS)http://pul/classification/402 996 $6245$aEustachio Montemurro :$btestimone e padre : 1857-1923$9(OLS)http://pul/title/157569 996 $6260$aRoma :$bCittà Nuova$9(OLS)http://pul/publisher/47927